| 000 | 00445nam a2200157 a 4500 | ||
|---|---|---|---|
| 001 | 2901 | ||
| 003 | CDMR | ||
| 005 | 20130904185348.0 | ||
| 008 | 130130s1991||||||||||||||||||||||||||||d | ||
| 020 | _a8440482736 | ||
| 040 |
_aCDMR _bcat _cCPC GIRONA |
||
| 100 | 1 |
_aMéndez Ramos, Abraham _92135 |
|
| 245 | 1 | 0 |
_aMis cartas al director y viceversa _cAbraham Méndez Ramos ; prólogo de Luis del Olmo |
| 260 |
_c1991 _bs.n] _a[Barcelona |
||
| 942 |
_cMON _2udc |
||
| 999 |
_c2901 _d2901 |
||